Microscale inorganic chemistry: a comprehensive laboratory experience
Saved in:
| Main Authors: | , , |
|---|---|
| Format: | Bog |
| Sprog: | engelsk |
| Udgivet: |
Nueva York
John Wiley
1991
|
| Fag: | |
| Tags: |
Tilføj Tag
Ingen Tags, Vær først til at tagge denne postø!
|
MARC
| LEADER | 00000nam a2200000 a 4500 | ||
|---|---|---|---|
| 001 | UCW2693 | ||
| 003 | CL-VaPUC | ||
| 008 | 921008e19910000US |||||||||||||||||eng|d | ||
| 020 | |a 0471619965 | ||
| 082 | 0 | 4 | |a 542 |b SZA |2 21 |
| 100 | 0 | |a Szafran, Zvi |e author |9 306961 | |
| 700 | 0 | |a Pike, Ronald M |e author |9 306962 | |
| 700 | 0 | |a Singh, Mono M |e author |9 306963 | |
| 245 | 1 | 0 | |a Microscale inorganic chemistry: a comprehensive laboratory experience |
| 300 | |a 363 p | ||
| 942 | |c BK | ||
| 945 | |d 19921008 00:00:00 | ||
| 260 | |a Nueva York |b John Wiley |c 1991 | ||
| 650 | 7 | |a QUIMICA INORGANICA MANUALES DE LABORATORIO |2 CL-VaPUC |9 306964 | |
| 583 | |a last modification |c 19921008 00:00:00 |k Rodrigo Vera | ||
| 999 | |c 217179 |d 217177 | ||
| 952 | |0 0 |1 0 |4 0 |6 542_000000000000000_SZA_1991 |7 0 |8 A |9 204023 |a BIBCUR |b BIBCUR |d 2019-11-15 |i 2712520 |o 542 SZA 1991 |p 2712520 |r 2025-04-22 |w 2019-11-15 |y BK |k QUI | ||